|
|
|
|
| LEADER |
00000nam a2200000 a 4500 |
| 001 |
vtls001299884 |
| 003 |
SK-MaSNL |
| 005 |
20260224105751.0 |
| 008 |
210928s1965 RU 0 rus |
| 035 |
|
|
|a SNK000251866
|
| 040 |
|
|
|a SNK
|b slo
|c SNK
|e AACR2
|
| 044 |
|
|
|a RU
|
| 245 |
1 |
|
|a Bibliotečno - bibliografičeskaja klassifikacija
|b tablicy dľa naučnych bibliotek
|n vyp. 2.
|p Marksizm - leninizm
|
| 260 |
|
|
|a Moskva
|b Izdat. Kniga
|c 1965
|
| 300 |
|
|
|a 144 s.
|c 8°
|
| 958 |
|
|
|a OND
|
| 999 |
|
|
|c 973587
|d 975517
|
| 952 |
|
|
|t P60, <04>, [BOOK], {604}
|a SNK
|b SNK
|y VYP
|7 0
|o snkIC 29108/2
|i snkV 172/66
|0 0
|1 0
|4 0
|d 1997-08-20
|l 0
|r 2005-01-02 00:00:00
|w 2026-02-24
|
| 952 |
|
|
|t P60, <04>, [BOOK], {604}
|a SNK
|b SNK
|y VYP
|7 0
|o snkIC 29108/2 D1
|i snkV 529/66
|0 0
|1 0
|4 0
|d 1997-08-20
|l 0
|r 2005-01-02 00:00:00
|w 2026-02-24
|
| 952 |
|
|
|t P60, <04>, [BOOK], {604}
|a SNK
|b SNK
|y VYP
|7 0
|o snkIC 29108/2 D2
|i snkV 986/66
|0 0
|1 0
|4 0
|d 1997-08-20
|l 0
|r 2005-01-02 00:00:00
|w 2026-02-24
|